Sports Quiz

Random Sports or City Quiz
Score 0/34 Timer 08:00
0 Plays Today
Hint Answer % Correct
Simon Yeo
92.9%
Alan Marriott
89.3%
Paul Morgan
72.9%
Peter Gain
69.3%
Gary Taylor-Fletcher
62.9%
Richard Butcher
62.1%
Ben Futcher
60%
Jamie McCombe
59.3%
Gareth McAuley
59.3%
Francis Green
43.6%
Marcus Richardson
37.9%
Simon Weaver
35.7%
Lee Frecklington
35.7%
Matt Bloomer
33.6%
Kevin Sandwith
31.4%
Lee Beevers
30%
Derek Asamoah
22.9%
Hint Answer % Correct
Ciaran Toner
22.1%
Simon Rayner
21.4%
Ollie Ryan
13.6%
Dean West
11.4%
Martin Carruthers
10%
Jack Hobbs
7.9%
Michael Blackwood
6.4%
Nathan Peat
5.7%
Ritchie Hanlon
5%
Adrian Littlejohn
4.3%
Craig Westcarr
4.3%
Adam Kerley
4.3%
Niall McNamara
4.3%
Peter Folkes
3.6%
Guy Ipoua
2.9%
Greg Pearson
2.1%
Karl Bermingham
1.4%

You're not logged in!

Compare scores with friends on all Sporcle quizzes.
OR
Log In

Sporcle TV

Today on Sporcle TV


Watch our educational content, quiz creation guides, and fun videos on Sporcle TV.

Show Comments

Extras

Top Quizzes Today


Score Distribution

Paid Content

Your Account Isn't Verified!

In order to create a playlist on Sporcle, you need to verify the email address you used during registration. Go to your Sporcle Settings to finish the process.

Report this User

Report this user for behavior that violates our Community Guidelines.

Details: